PC Software Step By Step 12-IN-1 (Record no. 1540)

MARC details
000 -LEADER
fixed length control field 00379nam a2200157Ia 4500
008 - FIXED-LENGTH DATA ELEMENTS--GENERAL INFORMATION
fixed length control field 221030s9999 xx 000 0 und d
020 ## - INTERNATIONAL STANDARD BOOK NUMBER
ISBN 8178840359
041 ## - LANGUAGE CODE
Language code of text/sound track or separate title
082 ## - DEWEY DECIMAL CLASSIFICATION NUMBER
Classification number 105.23
Item number Bal
100 ## - MAIN ENTRY--AUTHOR NAME
Personal name R. Balachandran
245 #0 - TITLE STATEMENT
Title PC Software Step By Step 12-IN-1
260 ## - PUBLICATION, DISTRIBUTION, ETC. (IMPRINT)
Name of publisher Cyber Tech Pub
Place of publication New Delhi
Year of publication 2002
300 ## - PHYSICAL DESCRIPTION
Number of Pages 592
650 ## - SUBJECT ADDED ENTRY--TOPICAL TERM
Topical Term Computers
942 ## - ADDED ENTRY ELEMENTS (KOHA)
Koha item type Books
Holdings
Accession Number Cost, normal purchase price Full call number Price effective from Koha item type Withdrawn / writtenoff status Materials specified (bound volume or other part) Damaged status Not for loan Permanent Location Current Location Shelving location Date acquired Lost/ Missing status department
M 267 230.00 105.23 Bal 10/30/2022 Books   Print     MIET Library, Jammu MIET Library, Jammu BL-Second, FL-1, CUP-96, SH-2, R-2 05/11/2004   MCA
BE 5556 230.00 105.23 Bal 10/30/2022 Books   Print     MIET Library, Jammu MIET Library, Jammu BL-Academic Blockc, FL-1, CUP-48, SH-3, R-3 06/18/2002   BE